000 00634nam a22001817a 4500
005 20251108170805.0
008 250721s1999 xx 000 0 ara d
082 1 4 _a218.62/نحو
100 1 _aالنحوي، عدنان علي رضا
245 1 0 _aالمسؤولية الفردية في الإسلام :
_bأسسها - تكاليفها - تميزها /
264 1 _aالرياض :
_bدار النحوي للنشر و التوزيع،
_c1999.
300 _a149ص.
650 1 7 _aالصحوة الإسلامية
650 1 7 _aالإصلاح الإجتماعي
650 1 7 _aالإسلام
942 _2ddc
_cBK
999 _c49068
_d49068